00746nam a2200181 a 4500003000200000005001700002008004100019050003700060100001900097245008600116260009200202300004800294504004100342650003300383650005100416650005200467650004500519020250319124509.0060802s19uu xx 00 eng d aPGS RC 451.4.Y68.P76b.T161 2006 aTan, Rachel R. aProfile of young adult patients in the National Mental Hospital /cRachel R. Tan. aLas Piñas City, Philippines : bSouthville International School and Colleges,c2006. a36 pages :bcolored illustrations ;c28 cm. aIncludes bibliographical references. aYoung adultsvMental health. aMental illnessvPatientsvDemographic studies. aPsychiatric hospitalsvPatient characteristics. aMental health services for young adults.